| 000 | 01098nam a22002415i 4500 | ||
|---|---|---|---|
| 001 | 161254 | ||
| 003 | ES-MaACL | ||
| 005 | 20250821153124.0 | ||
| 008 | 950614s1864 sp |||| | spa d | ||
| 040 |
_aCARM _bspa _cCCPB | SIC |
||
| 080 | _a821.134.2-14"18" | ||
| 080 | _a929(460)"18"(0:82) | ||
| 100 | 1 |
_aPalacio, Manuel del, _d1831-1906 _988370 |
|
| 245 | 1 | 0 |
_aCabezas y calabazas _b: retratos al vuelo de notabilidades en politica, en armas, en literatura... y en las demás ramas del saber y de la brutalidad humana ; seguidos de varios cuadros de costumbres mas o menos políticas pintados al fresco / _cpor Manuel del Palacio y Luis Rivera. |
| 250 | _a2ª ed. | ||
| 260 |
_aMadrid : _bLibreria de D. Miguel Guijarro, Editor, _c1864 ( _fEstablecimiento Tipográfico de A. Peñuelas) |
||
| 300 |
_a212 p. ; _c17 cm. |
||
| 650 | 4 |
_aEspañoles- _yS.XIX- _vPoesías. _9147249 |
|
| 700 | 1 |
_aRivera, Luis, _d1826-1872 _9131869 |
|
| 852 |
_aES-MaACL _jG-10959 _z-- Enc. hol. |
||
| 852 |
_aES-MaACL _jD-736 _z-- Enc. hol. _q-- Falto de la p. 193 al final |
||
| 999 |
_c161254 _d161254 |
||